000 00771nam a2200229Ia 4500
001 9444
003 GE_BSU
008 181216s||||||||xx |||||||||||||| ||und||
040 _cGE_BSU
080 _a821.353.1–1+821.353.11
100 _aმაჭავარიანი,მუხრან
245 _aთხზულებანი სამ ტომად. ტ.1
245 _bლექსები,პოემა
245 _cრედ.ლეილა მესხი.მხატვ.გ.წერეთელი
260 _aთბილისი
260 _bმერანი
260 _c1991
300 _a800გვ.ილ.20სმ.
653 _aთხზულებანი
653 _aლექსები,პოემა
942 _cBK
999 _c42738
_d42738